Statistics for Top 20 NBA Players who aren't top 50 in all-time scoring

Click here to take the quiz!

General Stats

  • This quiz has been taken 60 times
    (57 since last reset)
  • The average score is 12 of 20

Answer Stats

TeamsPlayer% Correct
UTAJohn Stockton
89%
BOSBill Russell
83%
LALMagic Johnson
83%
DETIsiah Thomas
76%
PHO/DAL/LALSteve Nash
72%
DET/SAS/CHI/LAL/DALDennis Rodman
70%
DAL/PHO/NJN/NYKJason Kidd
65%
SAS/TOR/LACKawhi Leonard
65%
CHI/HOU/PORScottie Pippen
65%
MNLGeorge Mikan
61%
MILGiannis Antetokounmpo
61%
NYN/PHIJulius Erving
61%
SEA/MIL/LAL/BOS/MIAGary Payton
59%
BOS/CINBob Cousy
52%
BUF/NYK/BOS/DET/NJN/LAL/PHIBob McAdoo
52%
POR/LAC/BOSBill Walton
48%
NYKWillis Reed
46%
NYK/CLEWalt Frazier
43%
SFW/NYN/HOURick Barry
35%
PHIDolph Schayes
26%

Score Distribution

Percentile by Number Answered

Percent of People with Each Score

Your Score History

You have not taken this quiz since the last reset